00263nam a2200097Ia 4500008004100000082001800041100002100059245004500080260003100125300000900156210430s9999 xx 000 0 und d a070.01 N334 S aAhsan Akhtar Naz a Sahafati Ikhlaqiat / cAhsan Akhtar Naz aLAHOREbMUNEER AHMADc2005 a227P